| 000 | 00344nam a22001457a 4500 | ||
|---|---|---|---|
| 003 | macl | ||
| 005 | 20181118162625.0 | ||
| 008 | 181118b xxu||||| |||| 00| 0 eng d | ||
| 040 | _cmacl | ||
| 100 |
_aGrewal, Nitin _973250 |
||
| 245 | _aSSC General Science | ||
| 260 |
_aChenni _bMcGrawHill _c2018 |
||
| 650 |
_aGS _922372 |
||
| 942 |
_2ddc _cBK |
||
| 999 |
_c58603 _d58603 |
||